|
|
|
|
| LEADER |
00000nab a2200000 a 4500 |
| 001 |
vtls000810726 |
| 003 |
SK-MaSNL |
| 005 |
20260305011717.0 |
| 008 |
250429c2002 xo 0 slo |
| 015 |
|
|
|a SNBRB2002/10-32387
|
| 035 |
|
|
|a CLN000162381
|
| 035 |
|
|
|a urn:nbn:sk:snk-abf6pi
|
| 035 |
|
|
|a (urnnbn)urn:nbn:sk:snk:ar-0018l8
|
| 035 |
|
|
|a (uuid)a1b3167c-2096-4ac3-afc7-7d7e600d1d90
|
| 040 |
|
|
|a SNKBUCL
|b slo
|c SNKBUCL
|e AACR2
|
| 041 |
0 |
|
|a slo
|
| 044 |
|
|
|a xo
|c SK
|
| 080 |
|
|
|a 378.14:658.5
|2 1997
|
| 080 |
|
|
|a 658.5
|2 1997
|
| 100 |
1 |
|
|a Vasilko, Karol,
|d 1942-
|4 aut
|9 86126
|
| 245 |
1 |
0 |
|a Výrobné inžinierstvo
|c Karol Vasilko, Jozef Novák-Marcinčin, Michal Havrila
|
| 300 |
|
|
|b Obr., tab.
|
| 504 |
|
|
|a Bibliogr. odkazy
|
| 650 |
0 |
7 |
|a výrobné inžinierstvo
|2 SNKPH
|9 66782
|
| 655 |
|
7 |
|a články z novín a časopisov
|2 SNK
|9 267496
|
| 700 |
1 |
|
|a Novák-Marcinčin, Jozef,
|d 1964-2014
|4 aut
|9 112709
|
| 700 |
1 |
|
|a Havrila, Michal,
|d 1933-2019
|4 aut
|9 8056
|
| 773 |
0 |
|
|t AT&P journal
|g Roč. 9, č. 5 (2002), s. 12-14
|x 1335-2237
|
| 850 |
|
|
|a Slovenská národná knižnica
|
| 852 |
|
|
|a Slovenská národná knižnica
|
| 954 |
|
|
|a odborná, vedecká literatúra pôvodná (slovenská)
|2 lita
|
| 958 |
|
|
|a article23
|
| 958 |
|
|
|a NB
|
| 958 |
|
|
|a OND
|
| 958 |
|
|
|a EUIPO
|
| 992 |
|
|
|a RBX
|
| 999 |
|
|
|c 3254384
|d 3256314
|